| 000 | 02356nam a2200397 c 4500 | ||
|---|---|---|---|
| 003 | BLK | ||
| 005 | 20180420223412.0 | ||
| 008 | 180408b bul|||||r ||||||| ||bul|| | ||
| 010 | _aKNG00070184000 | ||
| 020 |
_a954-608-128-0 _bиздат.: Труд и право |
||
| 040 | _aBLK | ||
| 041 |
_aBUL _cBUL |
||
| 080 |
_aТрудово законодателство. Работническо законодателство. Социално законодателство _b351.83 _x:331.4(497.2)(094.57) _z351.83:331.4(497.2)(094.57) |
||
| 080 |
_aТрудово законодателство. Работническо законодателство. Социално законодателство _b351.83 _x:658.382(497.2)(094.57) _z351.83:658.382(497.2)(094.57) |
||
| 139 |
_aНай-важните наредби по безопасност и здраве при работа в предприятието _bН 17 |
||
| 245 | 1 | 0 |
_aНай-важните наредби по безопасност и здраве при работа в предприятието _bПо Кодекса на труда ; По закона за здравословни и безопасни условия на труд ; По техн. надзор на съоръженията с повишена опасност |
| 257 | _aBGR | ||
| 260 |
_аСофия _bТруд и право _c2006 _fСофия : Д. Благоев |
||
| 300 |
_a736 с. _c21 см |
||
| 380 | _a3 | ||
| 500 | _aОфс. изд. | ||
| 650 | 4 |
_aОхрана на труда - България - законодателни и директивни материали _9272882 |
|
| 650 | 4 |
_aТехника на безопасността - България - законодателни и директивни материали _9262920 |
|
| 650 | 4 |
_aХигиена на труда - България - законодателни и директивни материали _9262922 |
|
| 653 | _aохрана на труда | ||
| 653 | _aтехника на безопасността | ||
| 653 | _aхигиена на труда | ||
| 653 | _aзакони | ||
| 653 | _aнормативни документи | ||
| 653 | _aБългария | ||
| 852 | _aЦб 230540 | ||
| 856 | 4 |
_qpdf _u |
|
| 856 | 4 |
_qpdf _u |
|
| 942 |
_cKNG _n0 |
||
| 944 |
_aCR _c21.12.2006 _kЛюдмила_Стоянова |
||
| 944 |
_aED _c14.05.2007 _k |
||
| 999 |
_c65902 _d65902 |
||